000 01451nam a2200349 a 4500
001 0000287
003 DO-SdBNP
005 20180312101955.0
007 0000287
008 091125s2008 dr a 000 0 spa d
020 _a9789945112666
040 _aBPMSU
_bspa
_cBPMSU
082 0 4 _a372.63
_bC199o 5to. 2008
100 1 _aCampusano, Martha
245 1 0 _aOrtografía 5 :
_b[educación básica] /
_cMartha Campusano ; dirección editorial Obdulia García de Escobar ; ilustración Ruddy Núñez.
260 _aSanto Domingo :
_bSantillana,
_c2008.
300 _a63 p. :
_bil. ;
_c28 cm.
490 1 _aCoral
505 0 _tSílaba átona y sílaba tónica --
_tPalabras agudas --
_tPalabras graves --
_tPalabras esdrújulas y sobreesdrújulas --
_tDiptongos, triptongos e hiatos --
_tEl punto y aparte --
_tUso de las mayúsculas --
_tEl punto y seguido --
_tCambios de letras --
_tUso de la b --
650 4 _aESPAÑOL
_xORTOGRAFÍA
_xENSEÑANZA BÁSICA
650 4 _aESPAÑOL
_xORTOGRAFÍA
_xEDUCACIÓN PRIMARIA
650 4 _aESPAÑOL
_xORTOGRAFÍA
_xESTUDIOS Y EJERCICIOS
650 4 _aESPAÑOL
_xORTOGRAFÍA
_xLIBROS DE TEXTOS
650 4 _aEDUCACIÓN PRIMARIA
_zREPÚBLICA DOMINICANA
700 1 _aGarcía Escobar, Obdulia de,
_eed.
700 1 _aNúñez, Ruddy
_eil.
830 0 _aCoral
910 _aValidado. Control de calidad MFF
942 _2ddc
_cBK
945 _aRemanejado para la Bib. BNPHU, 2018/ YL
956 _aYLOCKWARD
_b10
999 _c9782
_d9782